Investigación lingüística en Colombia: interacción, escritura académica y lexicografía (Registro nro. 802763)
[ vista simple ]
| 001 - NÚMERO DE CONTROL | |
|---|---|
| campo de control | 1523812 |
| 005 - FECHA Y HORA DE LA ÚLTIMA TRANSACCIÓN | |
| campo de control | 20260508093614.0 |
| 008 - DATOS DE LONGITUD FIJA--INFORMACIÓN GENERAL | |
| campo de control de longitud fija | 190411s2018 mul |
| 020 ## - NÚMERO INTERNACIONAL ESTÁNDAR DEL LIBRO | |
| Número Internacional Estándar del Libro | 9783631761052 |
| 035 ## - NÚMERO DE CONTROL DEL SISTEMA | |
| Número de control de sistema | 1523812 |
| 040 ## - FUENTE DE LA CATALOGACIÓN | |
| Centro/agencia transcriptor | comduadb |
| 041 ## - CÓDIGO DE LENGUA | |
| Código de lengua del texto/banda sonora o título independiente | ENG |
| -- | mul |
| 100 10 - ENTRADA PRINCIPAL--NOMBRE DE PERSONA | |
| Nombre de persona | Castañeda Naranjo, Luz Stella |
| Código de función | edt |
| Número de control del registro de autoridad o número normalizado | (isni)0000 0000 4689 4100 |
| -- | (viaf)53993572 |
| Término indicativo de función/relación | Editor/a |
| 9 (RLIN) | 270834 |
| 245 10 - MENCIÓN DE TÍTULO | |
| Título | Investigación lingüística en Colombia: interacción, escritura académica y lexicografía |
| 260 ## - PUBLICACIÓN, DISTRIBUCIÓN, ETC. | |
| Lugar de publicación, distribución, etc. | Berlin : |
| Nombre del editor, distribuidor, etc. | Peter Lang, |
| Fecha de publicación, distribución, etc. | 2018. |
| 300 ## - DESCRIPCIÓN FÍSICA | |
| Extensión | vi, 231 páginas. |
| 490 0# - MENCIÓN DE SERIE | |
| Mención de serie | Colección : Hispano-Americana ; |
| Designación de volumen o secuencia | 61 |
| 520 3# - SUMARIO, ETC. | |
| Sumario, etc. | Con este nuevo volumen, el Grupo de Estudios Lingüísticos Regionales (GELIR), adscrito a la Universidad de Antioquia (Medellín-Colombia), da a conocer, explica y analiza una serie de fenómenos lingüísticos generales o particulares del español colombiano. Se compone de nueve capítulos derivados de proyectos de investigación, previamente evaluados por expertos; los seis primeros corresponden a la línea de interacción verbal y pragmática; el séptimo, a la escritura académica y los dos últimos a la línea de lexicografía. Este proyecto editorial busca socializar los resultados de la investigación lingüística y propiciar el debate académico. |
| 650 #7 - PUNTO DE ACCESO ADICIONAL DE MATERIA--TÉRMINO DE MATERIA | |
| Término de materia o nombre geográfico como elemento de entrada | Lingüística |
| Subdivisión general | Investigaciones |
| Fuente del encabezamiento o término | lemb |
| 9 (RLIN) | 36569 |
| 650 #7 - PUNTO DE ACCESO ADICIONAL DE MATERIA--TÉRMINO DE MATERIA | |
| Término de materia o nombre geográfico como elemento de entrada | Redacción académica |
| Fuente del encabezamiento o término | armarc |
| 9 (RLIN) | 161413 |
| 650 ## - PUNTO DE ACCESO ADICIONAL DE MATERIA--TÉRMINO DE MATERIA | |
| Término de materia o nombre geográfico como elemento de entrada | Lexicografía - Colombia |
| 9 (RLIN) | 106459 |
| 650 ## - PUNTO DE ACCESO ADICIONAL DE MATERIA--TÉRMINO DE MATERIA | |
| Término de materia o nombre geográfico como elemento de entrada | Parlache |
| 9 (RLIN) | 19058 |
| 650 ## - PUNTO DE ACCESO ADICIONAL DE MATERIA--TÉRMINO DE MATERIA | |
| Término de materia o nombre geográfico como elemento de entrada | Marcadores discursivos - Español |
| 9 (RLIN) | 198319 |
| 650 ## - PUNTO DE ACCESO ADICIONAL DE MATERIA--TÉRMINO DE MATERIA | |
| Término de materia o nombre geográfico como elemento de entrada | Conversación coloquial |
| 9 (RLIN) | 79844 |
| 700 10 - ENTRADA AGREGADA--NOMBRE PERSONAL | |
| Nombre de persona | Luna Coutin, Isabel Cristina |
| Código de función | edt |
| Término indicativo de función/relación | Editor/a |
| 9 (RLIN) | 643544 |
| 942 ## - ELEMENTOS DE ENTRADA AGREGADA (KOHA) | |
| Tipo de ítem Koha | Libros |
| Estado de retiro | Estado de pérdida | Fuente del sistema de clasificación o colocación | Estado dañado | No para préstamo | Código de colección | Localización permanente | Ubicación/localización actual | Fecha de adquisición | Fuente de adquisición | Coste, precio normal de compra | Número de inventario | Total de préstamos | Signatura topográfica completa | Código de barras | Fecha visto por última vez | Fecha del último préstamo | Número de copia | Precio válido a partir de | Tipo de ítem Koha |
|---|---|---|---|---|---|---|---|---|---|---|---|---|---|---|---|---|---|---|---|
| Clasificación Decimal Dewey | Colección General Piso 2 | Biblioteca Carlos Gaviria Díaz, Campus Medellín | Biblioteca Carlos Gaviria Díaz, Campus Medellín | 11/04/2019 | Material adquirido por donación | 32000.00 | C1312683 | 2 | 410 I62 | 01068017 | 11/09/2024 | 09/08/2024 | 1 | 04/05/2023 | Libros |